000 00561nam a2200205 a 4500
001 BRCA_7826
005 20190320210019.0
008 011113s1964----u--a######---#000-0#eng-#
041 _aeng
044 _au
050 4 _aN527
_b.F64
_c1964
245 1 0 _aFogg Art Museum acquisitions 1962-1963.
260 _aCambridge, Massachusetts
_bHarvard University
_cc1964
300 _a118 p.
_bil.
_c21 cm.
500 _aY22
650 1 4 _aArte
_zCambridge, Massachusetts
_99284
650 1 4 _aGalerĂ­as y museos
_zEstados Unidos
_97437
902 _aGFM
942 _2lcc
_cB
999 _c7500
_d7500